| 000 | 00796nam a22001817a 4500 | ||
|---|---|---|---|
| 999 |
_c62620 _d62620 |
||
| 003 | Ge_BSU | ||
| 005 | 20241219113812.0 | ||
| 008 | 241219s1982 ge ||||| |||| 00| 0 geo d | ||
| 041 | _ageo | ||
| 080 | _a612.2 დ-37 | ||
| 100 |
_aდერბოლოვსკი, უდო _924009 |
||
| 245 |
_aსწორი სუნთქვა ჯანმრთელობის საწინდარია / _cუდო დერბოლოვსკი; თარგმნა დ. გეგენავამ. |
||
| 264 |
_aთბ. : _b საბჭ. საქართველო, _c1982. |
||
| 300 |
_a147გვ. : _b ილ. ; _c20სმ. |
||
| 653 | _aსუნთქვა | ||
| 700 |
_aგეგენავა, დ. _eმთარგმნელი _99360 |
||
| 942 |
_2udc _cᲬᲘᲒᲜᲘ |
||